01337nab a2200193uuc4500001000800000005001700008008004100025035001200066040001300078041000800091100003900099245003200138520074800170650001500918650002100933650002700954650003100981773013101012131318120260429102216.0130129 spa  a1313181 ccomduadb aspa10aRodriguez, Pedro Gerardo4auteaut10aSombras y luces de un filme3 aEn febrero de 2012 fue presentada la película De panzazo, que critica el estado actual de la educación en México y responsabiliza a los maestros, al Sindicato Nacional de Trabajadores de la Educación (SNTE) y, en menor medida, al gobierno. La película alcanzó un gran éxito de taquilla y mereció no pocos comentarios periodísticos, que necesariamente eran producto de una primera impresión. Cuatro meses después, cuando los ecos del debate todavía se escuchaban, fue presentada la respuesta del SNTE, denominada El Afán Educativo, en la que presentan los problemas desde su perspectiva. En este artículo se analizan ambos documentales, sus contenidos y supuestos básicos, así como la coyuntura en la que surgen. aDocumental 7aSindicatos2lemb aEvaluacion de maestros 7aPolítica educativa2lemb0 tRevista Latinoamericana de Estudios Educativos (México)gVol. 42, No. 02, Abr.-Jun. 2012, p. 7-47w951224x0185-12840365023